000 00439nam a2200193Ia 4500
005 20240823060331.0
008 240823s9999||||xx |||||||||||||| ||und||
041 _aTAMIL
082 _A336.2423 Q8
100 _aBala Manivannan
245 0 _aMannil Irangum Viluthukal
250 _a1st
260 _c2018
_bIllakiya V
500 _aTRANSFERED
650 _aTamil
_bGeneral
700 _a Marimuthu
942 _cBK
999 _c230883
_d230883